United States Banknote Denominations - Statistics

General Stats
  • This quiz has been taken 43 times
  • The average score is 11 of 11
Answer Stats
Picture Answer % Correct
$1
100%
$2
100%
$5
100%
$10
97%
$100
97%
$1000
97%
$10000
97%
$20
97%
$50
97%
$500
97%
$5000
94%
No matching quizzes found
Score Distribution
Percent of People with Each Score
Percentile by Number Answered
Your Score History
You have not taken this quiz